000 00529nam a2200157Ia 4500
003 GCL
008 140319s9999 xx 000 0 ara d
040 _aGCL /
_cGCL
082 0 4 _a415.1
_bا ق
100 1 _aاحمد الخوص
245 1 0 _aقصة الاعراب : اسلوب متطور فى القواعد والاعراب /
_cاحمد الخوص
490 _aالهيئة العامة للاستعلامات
_v0
650 0 4 _aاللغة العربية
650 0 4 _aاللغة العربية - النحو
942 _2ddc
_cBK
999 _c50102
_d50102